000
00323nam a2200133Ia 4500
005
20260326100038.0
008
260326s9999||||xx |||||||||||||| ||und||
100
_a
Scully Jr., Vincent
245
0
_a
Frank Lloyd Wright /
_c
Vincent Scully Jr.
260
_b
Bruguera
300
_a
127 p.
650
_a
ARQUITECTOS
942
_c
BK
999
_c
6880
_d
6880